Responses for show #2909 - Thursday, April 3, 1997

Contestants

Matt Wehling, a composer originally from Tampa, Florida

Steve Cook, a medical student from San Mateo, California

Christian Stallsmith, a naval engineer from Arlington, Virginia (whose 2-day cash winnings total $19,601)

Jeopardy! Round responses

ANIMALS
20th CENTURY POP CULTURE
PRODUCE
DANCE
TRAVEL CANADA
REDUNDANCY & REPETITION
    $100 16
Butterfly

Matt
    $100 1
Hell's Angels

Christian
    $100 2
Potato

Christian
    $100 11
Foxtrot

Steve
    $100 8
Calgary

Christian
    $100 24
Sahara

Steve
    $200 19
Leeches

Christian
    $200 3
Reader's Digest

Christian
    $200 7
Grapes

Steve
    $200 17
Hungary

Matt
    $200 9
Toronto

Steve
    $200 25
Automated/Automatic Teller Machine

Steve
    $300 20
Pack rat

Christian
    $300 4
Chuck Berry

Steve
    $300 13
Ear of corn

Steve
    $300 18
"Macarena"

Steve
    $300 10
Anne Hathaway

Matt
    $300 26
States

Christian
    $400 21
Dingo

Christian
    $400 5
Muzak

Christian
    $1,000 15
(S: What are peas?)
(Alex: Catherine & Popeye were very similar)

Spinach

Steve
    $400 28
Belly dancing

Steve
    $400 12
Montreal

Christian
    $400 27
La Brea Tar Pits

Matt
    $500 22
Civet

Christian
    $500 6
Jenny McCarthy

Steve
    $500 23
Celery

Christian
    $500 30
Can-Can

Christian
    $500 14
Winnipeg

Steve
    $500 29
Consensus

Steve

Scores at the first commercial break (after clue 15):

Christian Steve Matt
$1,300 $1,100 $300

Scores at the end of the Jeopardy! Round:

Christian Steve Matt
$4,000 $2,600 $1,000

Double Jeopardy! Round responses

U.S. HISTORY
MOVIE TITLE CHARACTERS
AROUND THE WORLD
NONFICTION
PSYCHOLOGY
"ANG"ST
    $200 6
Panama Canal Zone

Christian
    $200 1
Ghostbusters

Steve
    $200 11
Philippines

Matt
    $200 13
Defenses

Steve
    $200 21
Angle

Steve
    $400 7
Mississippi River

Christian
    $400 2
(Alex: "The General" was a locomotive)

Buster Keaton

Christian
    $400 12
Orange River

Triple Stumper
    $400 17
Carl Jung

Steve
    $400 22
Angiogram

Christian
    $600 8
John Mitchell

Steve
    $600 3
The Ghost and the Darkness

Triple Stumper
    $1,000 14
British Virgin Islands

Steve
    $600 27
(buzzer sounds)

World's Fair

Christian
    $600 18
Pain

Steve
    $600 23
(we have less than a minute to go....)

Angel food

Steve
    $800 9
Commodore Matthew Perry

Steve
    $800 4
Geronimo

Steve
    $800 15
French

Steve
    $800 26
The Ascent Of Man

Triple Stumper
    $800 19
Post-Traumatic Stress Disorder

Steve
    $800 24
Harry "Rabbit" Angstrom

Triple Stumper
    $1000 10
(M: Who was Lyndon Johnson?)

Dwight D. Eisenhower

SteveMatt
    $1,000 5
(S: Who is Roosevelt?)

Charles Foster Kane (in "Citizen Kane")

Steve
    $1000 16
Guatemala

Steve
    $1000 20
(Alex: Glad you remembered to phrase it in the form of a question, too!)

ADHD (Attention Deficit Hyperactivity Disorder)

Steve
    $1000 25
Look Back In Anger

Triple Stumper

Scores at the end of the Double Jeopardy! Round:

Christian Steve Matt
$6,000 $11,600 $200

[wagering suggestions for these scores]

Final Jeopardy! Round responses

INTERNATIONAL SONGS
MattWhat is Dixie?
$100
ChristianWhat is Marching To Praetoria Kumbaya?
$5,601
SteveWhat is Waltzing Matilda?
$401
"Waltzing Matilda"

Final scores:

Christian Steve Matt
$399 $12,001 $100
2nd place: Whirlpool Range, Refrigerator & Dishwasher & Krups Home Appliance Package New champion: $12,001 3rd place: Panasonic 27-inch Diagonal Superflat System TV

Game dynamics:

Coryat scores:

Christian Steve Matt
$6,000 $13,200 $200
18 R,
0 W
27 R
(including 1 DD),
2 W
(including 2 DDs)
5 R,
1 W

Combined Coryat: $19,400

The J! Archive is created by fans, for fans. The Jeopardy! game show and all elements thereof, including but not limited to copyright and trademark thereto, are the property of Jeopardy Productions, Inc. and are protected under law. This website is not affiliated with, sponsored by, or operated by Jeopardy Productions, Inc. Join the discussion at JBoard.tv.